2022 sports quiz - Statistics

General Stats
  • This quiz has been taken 21 times
  • The average score is 5 of 15
Answer Stats
Hint Answer % Correct
Who won the FIFA world cup 2022? Argentina
73%
Who won the Premier League? Manchester City
73%
Who won the top scorer in Premier League? Erling Haaland
67%
Who won the NFL season? Kansas City Chiefs
67%
Who won the wimbledon open 2023? Novak Djokovic
67%
Who won the ICC T20 final? England
47%
They won MVP 2022-23 NBA season? Joel Embiid
47%
Who won the MLB championship 2022? Houston Astros
33%
They won the 2022 NRL season? Penrith Panthers
13%
Who won the NBL 2022-23? Sydney Kings
7%
Who won the FIFA u20 world cup? Uruguay
7%
Who won the tour of UK 2022? Gonzalo Serrano
0%
Who won the usa tour (Golf)? Matt Fitzpatrick
0%
Who won the big bash? Perth Scorchers
0%
who won the WTT Cup Final Xinxiang 2022? Wang Chuqin and Sun Yingsha
0%
No matching quizzes found
Score Distribution
Percent of People with Each Score
Percentile by Number Answered
Your Score History
You have not taken this quiz